000
00289nam a2200097Ia 4500
008
220204s9999 xx 000 0 und d
082
_a
678.4:62:678.061
_b
RUB;1
245
0
_a
Seminar : Latex processing and pollution control Oct 4, 1996
260
_a
Kottayam
_b
Rubber Board
_c
1996
942
_c
BK
999
_c
43806
_d
43806